000 00540nam a2200217Ia 4500
003 0100
008 130303s9999 xx 000 0 und d
040 _cARRUPELIB
050 _aB3313.M73E5 1982
100 _aNietzsche, Fredrich
245 _aDaybreak
245 _bthoughts on the predudices of morality
260 _aNew York
260 _bCambridge University Press.
260 _C1982
300 _axvii
300 _b 230p. 23cm.
650 _bEthics - Schneewind, J B
700 _aHollingdale, R. J.tr.
942 0 0 _08
999 _c24990
_d24990